000 00205nam a2200109Ia 4500
100 _aHENRY KISSENGER.
942 _cBK
245 _aYEARS OF UPHEAVAL
260 _b#N/A
546 _aENGLISH
999 _c31919
_d31919